000 01159nam a22002657a 4500
005 20240530110438.0
008 150415s2011 ua g b 000 0dara d
017 _a2011/13043
_bمصر . دار الكتب المصرية
020 _a9789774219267
040 _aEG-CaGPL
082 0 4 _221
_a307.14\
_bج ت
100 1 _aجونس ، هازل
_qهازل جونس
245 1 2 _aالتعلم من اجل التنمية :
_bمساءل فى التنمية /
_cتاليف هازل جونس ، جوردن ويلسون ؛ ترجمة عبدالحميد محمد دابوه ؛ تقديم على مكاوى
250 _aط1
260 _aالقاهرة :
_bالمركز القومى للترجمة ،
_c2011 .
300 _a197 ص ؛
_c24 سم
490 0 _aالمشروع القومى للترجمة ؛
_v1794
650 0 4 _aالتعليم
_xاغراضه واهدافه
650 0 4 _aالتخطيط التربوى
700 1 _aويلسون ، جوردن
_qجوردن ويلسون
700 1 _aعبدالحميد محمد دابوه
_eمترجم
700 1 _aعلى مكاوى
_eمقدم
942 _2ddc
_cBK
999 _c60998
_d60998